000 00294nam a22001097a 4500
082 _a574
_bDHA/P
100 _aP.S.DHAMI, G. CHOPRA, H.N.SRIVASTAVA
245 _aPRADEEPS TEXTBOOK OF BIOLOGY
260 _aJALANDHAR
_bPRADEEP PUBLICATIONS
_c2011
650 _aBIOLOGY FOR CLASS XII
_zINDIA
942 _cBK
999 _c734
_d734